Normal view
MARC view
- Glasper, Edward Alan
Entry Personal Name
001 - CONTROL NUMBER
- control field: 36334
003 - CONTROL NUMBER IDENTIFIER
- control field: OSt
005 - DATE AND TIME OF LATEST TRANSACTION
- control field: 20141023155004.0
008 - FIXED-LENGTH DATA ELEMENTS
- fixed length control field: 141023|| aca||aabn | a|a d
040 ## - CATALOGING SOURCE
- Original cataloging agency: OSt
100 1# - HEADING--PERSONAL NAME
- Personal name: Glasper, Edward Alan
400 1# - SEE FROM TRACING--PERSONAL NAME
- Personal name: Glasper, Alan
400 1# - SEE FROM TRACING--PERSONAL NAME
- Personal name: Glasper, E. Alan
- Fuller form of name: (Edward Alan)